Mastering Data Mining: the art and science of customer relationship management (Record no. 1481)

MARC details
000 -LEADER
fixed length control field 00513nam a22001697a 4500
005 - DATE AND TIME OF LATEST TRANSACTION
control field 20180208124503.0
008 - FIXED-LENGTH DATA ELEMENTS--GENERAL INFORMATION
fixed length control field 160523b xxu||||| |||| 00| 0 eng d
020 ## - INTERNATIONAL STANDARD BOOK NUMBER
ISBN 9971-51-369-2
041 ## - LANGUAGE CODE
Language code of text/sound track or separate title eng
082 ## - DEWEY DECIMAL CLASSIFICATION NUMBER
Item number 4450
Classification number 006.312
100 ## - MAIN ENTRY--AUTHOR NAME
Personal name Berry, Michael J.A & Linoff, Gordon S.2000
245 ## - TITLE STATEMENT
Title Mastering Data Mining: the art and science of customer relationship management
260 ## - PUBLICATION, DISTRIBUTION, ETC. (IMPRINT)
Place of publication New Delhi
Name of publisher Academic Faundation
Year of publication 2000
300 ## - PHYSICAL DESCRIPTION
Number of Pages 483
650 ## - SUBJECT ADDED ENTRY--TOPICAL TERM
Topical Term Information Technology
942 ## - ADDED ENTRY ELEMENTS (KOHA)
Koha item type Books
Holdings
Lost status Damaged status Collection code Home library Current library Shelving location Date acquired Cost, normal purchase price Full call number Accession Number Koha item type
    Reference JRU Library   SHELF- 66 N 23/05/2016 460.35 4450 4450 Books